Notas estadísticas sobre la estensión [sic] territorial, población y situación financiera, política, económica, administrativa, marítima y militar de las principales naciones de Europa y América / (Record no. 166689)

MARC details
000 -LEADER
campo de control de longitud fija 00829nam a22001815i 4500
001 - NÚMERO DE CONTROL
campo de control 166689
003 - IDENTIFICADOR DE NÚMERO DE CONTROL
campo de control ES-MaACL
005 - FECHA Y HORA DE LA ÚLTIMA TRANSACCIÓN
campo de control 20250814065129.0
008 - DATOS DE LONGITUD FIJA--INFORMACIÓN GENERAL
campo de control de longitud fija 050919s1847 sp | |||||||| ||spa d
040 ## - FUENTE DE CATALOGACIÓN
Centro catalogador/agencia de origen CAM
Lengua de catalogación spa
Centro/agencia transcriptor CAM
100 1# - ENTRADA PRINCIPAL--NOMBRE DE PERSONA
Nombre de persona Trupita, Juan Bautista.
9 (RLIN) 133401
245 10 - MENCIÓN DEL TÍTULO
Título Notas estadísticas sobre la estensión [sic] territorial, población y situación financiera, política, económica, administrativa, marítima y militar de las principales naciones de Europa y América /
Mención de responsabilidad, etc. por Juan Bautista Trupita.
260 ## - PUBLICACIÓN, DISTRIBUCIÓN, ETC.
Lugar de publicación, distribución, etc. Madrid :
Nombre del editor, distribuidor, etc. [s.n.],
Fecha de publicación, distribución, etc. 1847 (
Fabricante Imprenta y establecimiento de grabado de González)
300 ## - DESCRIPCIÓN FÍSICA
Extensión 56 p. ;
Dimensiones 20 cm.
650 #7 - PUNTO DE ACCESO ADICIONAL DE MATERIA--TÉRMINO DE MATERIA
Término de materia o nombre geográfico como elemento de entrada Geografía económica
Fuente del encabezamiento o término embne
9 (RLIN) 13077
852 ## - LOCALIZACIÓN
Ubicación ES-MaACL
Número de control de estantería T-31-F-4
Nota libre -- Enc. hol., falto de la cub. original
-- -- Enc. en un vol. facticio
Holdings
Estatus retirado Estado de pérdida Estado de daño No para préstamo Colección Biblioteca de origen Biblioteca actual Ubicación en estantería Fecha de adquisición Total de préstamos Signatura topográfica completa Código de barras Visto por última vez Precio de reemplazo Tipo de ítem Koha
        Colección de folletos Biblioteca del Ateneo de Madrid Biblioteca del Ateneo de Madrid Depósito folletos 17/01/2008   T-31-F-4 1174822 23/02/2023 23/02/2023 Folleto